000 00371nam a2200157Ia 4500
003 OSt
005 20231219094222.0
008 170523s9999 xx 000 0 und d
020 _a70435049
040 _cIIMT UNIVERSITY MEERUT
100 _aSHETH- ATUL
245 0 _aCUSTOMER RELATIONSHIP MANAGEMENT
260 _bTATA MC GRAW HILL
260 _c2004
942 _2ddc
_c02
999 _c1299
_d1299